Vazby a rozbory tkanin

Podrobná bibliografia
Hlavný autor: Hlavatý, František (Autor)
Médium: Kniha
Jazyk:neznámy jazyk
Fyzický popis:162 s.
Vydavateľské údaje: Praha SPN, n. p. 1962

MARC

LEADER 00000nam a2200000 a 4500
001 vtls001414318
003 SK-MaSNL
005 20260301162220.0
008 240314s1962 xx 0 und
035 |a SNK000369041 
040 |a SNK  |b slo  |c SNK  |e AACR2 
100 1 |a Hlavatý, František  |4 aut  |9 60537 
245 1 0 |a Vazby a rozbory tkanin 
260 |a Praha  |b SPN, n. p.  |c 1962 
300 |a 162 s. 
999 |c 812429  |d 814359 
952 |t P60, <04>, [BOOK], {604}  |a SNK  |b SNK  |y VYP  |7 0  |p 17A0301297  |o snkIB 14027  |0 0  |1 0  |4 0  |d 2001-06-01  |l 0  |r 2005-01-02 00:00:00  |w 2026-02-24